000 00568nam a22002057a 4500
999 _c173921
_d173921
005 20200312123026.0
010 _aA-842188
020 _c15.00
_a-
035 _aA-842188
037 _bBPPD/Pub.
082 _a962
100 _aمحمد اسلم
245 _aسیرت عمرو بن عاص /
_cمحمد اسلم
246 _aSeerat Umar-O-Bin Aas /
_bby Mohammed Aslam
260 _aNew Delhi
_bMaktaba Jamia
_c-
270 _aJamia Nagar
_bNew Delhi
_e110025
300 _a76p.
_c22cm(Hb)
500 _a
942 _2ddc
_cUR
_h962
_mم ح م